'Crossing the Delaware' Parodies Quiz Stats

 Plays Quiz Updated May 26, 2016

Challenge
Share
Tweet
Score 0/20 Timer 05:00
1 Play Today
% Correct
The Empire - Star Wars
98.5%
The Simpsons
94.1%
Garfield and Friends
93.2%
Marvel Superheroes
92.4%
Sesame Street
92.2%
Futurama
91.7%
My Little Pony
89.3%
Scrubs
87.5%
Hanna-Barbera Characters
87.5%
McDonald's
86.9%
% Correct
Emojis
86.3%
New England Patriots
78.5%
Arrested Development
70.7%
Veep
68.3%
Cookies
67.3%
Hey Arnold!
65.3%
Halo
61.6%
Evel Knievel
46.3%
Peeps
36.9%
Regular Show
20%

You're not logged in!

Compare scores with friends on all Sporcle quizzes.
OR
Log In

You Might Also Like...

Show Comments

Extras

Top Quizzes Today


Score Distribution

Your Account Isn't Verified!

In order to create a playlist on Sporcle, you need to verify the email address you used during registration. Go to your Sporcle Settings to finish the process.

Report this User

Report this user for behavior that violates our Community Guidelines.

Details: